000 00747cam a2200265 i 4500
001 34666
003 BD-RjUL
005 20211209052207.0
008 140518s19811964ii 001 0 eng d
035 _a(BD-RjUL)34760
040 _aDLC
_cDLC
_dBD-RjUL
_beng
041 _aeng
082 0 0 _a346.5401602632
_bDEI 1981
100 1 _aDesai, Kumud
_9105462
245 1 0 _aIndian law of marriage and divorce /
_cby Kumud Desai.
250 _a4th ed.
260 _aBombay :
_bN. M. Tripathi,
_c1981.
300 _aliii, 592 p. ;
_c25 cm.
504 _aIncludes index.
650 0 _aMarriage law
_zIndia.
_917177
650 0 _aDivorce
_xLaw and legislation
_zIndia.
_9105463
942 _2ddc
_cBK
999 _c34666
_d34666